| LEADER |
01089nam0a2200205 450 |
| 001 |
16868298 |
| 010 |
|
|
|a 978-2-7316-7457-6
|b cart.
|d 14,5
|
| 100 |
|
|
|a 20210524d2021 u u0frey01 ba
|
| 101 |
0 |
|
|a fre
|
| 102 |
|
|
|a FR
|
| 200 |
0 |
|
|a Abzu est notre seul dieu
|f scénario Christophe Bec
|g dessin Ennio Bufi
|
| 207 |
|
1 |
|a
|
| 215 |
|
|
|a 1 vol. (56 p.)
|c illustrations en couleur
|d 32 cm
|
| 330 |
|
|
|a Début du diptyque 'Le Bagarreur'. 2029. Deux ans après un cataclysme qui a eu raison du monde tel qu'on le connaît, Lou Melville est victime d'un accident sous-marin. Recueillie par des moines, elle réside au coeur de l'ancienne plateforme pétrolière qui leur sert de monastère. Mais l'équilibre du lieu est menacé par l'apparition d'un groupuscule religieux dissident. Et si la présence de Lou en était la cause ?
|
| 461 |
|
0 |
|t Le Bagarreur
|v 01
|
| 700 |
|
0 |
|a Bec
|b Christophe
|4 70
|
| 701 |
|
0 |
|a Bufi
|b Ennio
|4 440
|
| 900 |
|
|
|a Bande dessinée (adultes)
|
| 901 |
|
|
|a Adultes
|
| 995 |
|
|
|a Médiathèque
|c Médiathèque
|f 00156010440006
|h 00156010440006
|k BDA BEC BAG 1
|o p
|q a
|r az
|e Médiathèque
|